Griffiths complete building price book 2006 (Record no. 104626)
[ view plain ]
| 000 -LEADER | |
|---|---|
| fixed length control field | 01049cam a2200241 4500 |
| 001 - CONTROL NUMBER | |
| control field | ##L131069 |
| 008 - FIXED-LENGTH DATA ELEMENTS--GENERAL INFORMATION | |
| fixed length control field | 050923n2005 000 0 eng u |
| 020 ## - INTERNATIONAL STANDARD BOOK NUMBER | |
| International Standard Book Number | 190185616X |
| 035 ## - SYSTEM CONTROL NUMBER | |
| System control number | (Sirsi) u131069 |
| 041 0# - LANGUAGE CODE | |
| Language code of text/sound track or separate title | eng |
| 050 04 - LIBRARY OF CONGRESS CALL NUMBER | |
| Classification number | 692.5 $2 18 |
| 110 2# - MAIN ENTRY--CORPORATE NAME | |
| Corporate name or jurisdiction name as entry element | Franklin and Andrews |
| 9 (RLIN) | 2518 |
| 245 00 - TITLE STATEMENT | |
| Title | Griffiths complete building price book 2006 |
| Remainder of title | a complete guide for estimating, checking and forecasting building and civil engineering costs |
| 250 ## - EDITION STATEMENT | |
| Edition statement | 52nd ed. |
| 260 ## - PUBLICATION, DISTRIBUTION, ETC. | |
| Place of publication, distribution, etc. | London |
| Name of publisher, distributor, etc. | Franklin and Andrews |
| Date of publication, distribution, etc. | 2005 |
| 300 ## - PHYSICAL DESCRIPTION | |
| Extent | 725p. |
| Dimensions | 25cm |
| 350 ## - PRICE (NR) (BK AM CF MU VM SE) [OBSOLETE] | |
| Price | 84 |
| 520 ## - SUMMARY, ETC. | |
| Summary, etc. | Produced as a guide to pricing typical mid-scale new work projects up to £1m and mid to small scale alterations and repairs projects up to £50 000, with a reasonable balance of work in most trades, generally in accordance with the rules of measurement and units of billing provided by the sixth edition of the Standard Unit of Measurement of Building Works. |
| 590 ## - LOCAL NOTE (RLIN) | |
| Local note | IKA061205 |
| 690 ## - LOCAL SUBJECT ADDED ENTRY--TOPICAL TERM (OCLC, RLIN) | |
| Topical term or geographic name as entry element | BUILT ENVIRONMENT-BUILDING COSTS |
| 942 ## - ADDED ENTRY ELEMENTS (KOHA) | |
| Suppress in OPAC | 0 |
| Withdrawn status | Lost status | Source of classification or shelving scheme | Damaged status | Not for loan | Home library | Current library | Shelving location | Date acquired | Cost, normal purchase price | Total Checkouts | Full call number | Barcode | Date last seen | Date last checked out | Copy number | Cost, replacement price | Price effective from | Koha item type |
|---|---|---|---|---|---|---|---|---|---|---|---|---|---|---|---|---|---|---|
| Dewey Decimal Classification | London | London | Basement | 30/11/2005 | 71.40 | 23 | RESERVE | 30071385 | 06/08/2019 | 01/02/2010 | 1 | 71.40 | 06/08/2019 | Book |